Регионална библиотека "Любен Каравелов" - Русе

Невидимото дете (Запис номер 51249)

MARC детайли
000 -Лидер
Контролно поле с фиксирана дължина 01234nam a2200337 c 4500
003 - Код на организацията, давaща контролен номер
Контролно поле BLK
005 - Дата и час на последна редакция
Контролно поле 20221214162113.0
008 - Елементи от данни с фиксирана дължина
fixed length control field 180408b bul|||||r ||||||| ||bul||
010 ## - Наследен системен номер
LC control number KNG00055151000
040 ## - Източник на каталожния запис
Идентификатор на билиотеката - собственик на записа BLK
041 ## - Код за език
Код за езика на текст/звукозапис или на отделно заглавие Български
Код за езика КДБФ Български
080 ## - УДК
Текстов определител УДК Финландска литература
УДК код - определител по УДК 821.511.111
УДК определител -93-32
УДК - код + определител 821.511.111-93-32
100 1# - Редна дума - Автор
Автор Янсон, Туве
Авторска отговорност първи автор
R(LIN) 365645
139 ## - Редно поле
Редна дума Янсон, Туве
Авторски знак Янсо - Я 67
245 10 - Сведения за заглавието
Заглавие Невидимото дете
Редно поле (дума) Туве Янсон; прев. от швед. Теодора Джебарова.
257 ## - Страна на издаване
Страна на създаване/издаване Финландия
260 ## - Област на издателските данни
Място на издаване, разпространение и проч. София
Име на издателя, разпространителя и проч. Отечество
Година на издаване 1978
Печатница София : ДПК Д. Благоев
300 ## - Физическа характеристика
Страници 160 с.
Размери/Мащаб 22 см
380 ## - Жанр
Жанр Детска худож. лит.
490 ## - СЕРИИ (Колекции)
Име на серия Библиотека Вълшебници
9 (RLIN) 202267
500 ## - Общи забележки
Забележка Ориг. загл. Det osynliga barnet / Tove Jansson.
653 ## - Ключова дума – ненормативна
Ключова дума приказки
653 ## - Ключова дума – ненормативна
Ключова дума литература за деца
653 ## - Ключова дума – ненормативна
Ключова дума детска литература
700 1# - Други автори (авторска отговорност)
Лично име Джебарова, Теодора
Автороска отговорност (Описва отношението между автора и произведението) прев. от швед.
9 (RLIN) 365846
852 ## - Местоположение
Форматна сигнатура Цб 110444
Фондова буква Хранилище
856 4# - Електронен адрес и достъп
Електронен формат pdf - файл
Инструкция (цена за достъп) 0.00
Права за достъп disable
856 4# - Електронен адрес и достъп
Електронен формат pdf - файл
Инструкция (цена за достъп) 0.00
Права за достъп disable
999 ## - СИСТЕМНИ КОНТРОЛНИ НОМЕРА
Koha biblionumber 51249
Koha biblioitemnumber 51249
942 ## - АРТИКУЛИ
Вид на библиотечния материал Книги
Скрит в OPAC Не
Периодичен библиозапис Да
944 ## - СЪЗДАВАНЕ И РЕДАКЦИЯ на ЗАПИСА
Създаване/Редакция Създаване
Дата на регистрацията/редакция 26.08.2005
Служител, извършил регистрацията/редакцията Людмила_Стоянова
944 ## - СЪЗДАВАНЕ И РЕДАКЦИЯ на ЗАПИСА
Създаване/Редакция Редакция
Дата на регистрацията/редакция 19.11.2005
944 ## - СЪЗДАВАНЕ И РЕДАКЦИЯ на ЗАПИСА
Създаване/Редакция Редакция
Дата на регистрацията/редакция 2022-12-14
999 ## - СИСТЕМНИ КОНТРОЛНИ НОМЕРА
Koha biblioitemnumber 51249
Наличности
Код за отписване Код за изгубен артикул Код за повреда Коз за рестрикции Код за отдаване Артикулен № Име на библиотеката - собственик Име на библиотеката, в която се намира в момента Статус (Текущо местоположение) Дата на вписване в системата Местоположение - отдел Цена в лева Инвентарен номер Систематично азбучна сигнатура Баркод Номер на екземпляра Цена в евро Служебна бележка Служебен тип на артикула Бележка за публиката Източник на класификационната схема
Изтеглен Не е изгубен Не е повреден без рестрикции заемане за дома 80783 Регионална библиотека "Любен Каравелов" Русе Регионална библиотека "Любен Каравелов" Русе   2005-08-26 Детски отдел 1.55 120000696470 Д 820/899/Я 67 120000696470 1 0.79 Дост: DA Вид: А N: 22 Дата: 26.08.2005 Дата инв: 17.09.2015 Бележки инв: Д2015 Книги Отч.N: 49/17 , Дата: 09.10.2017  
  Не е изгубен Не е повреден без рестрикции ползва се в читалня 80784 Регионална библиотека "Любен Каравелов" Русе Регионална библиотека "Любен Каравелов" Русе Хранилище 1978-01-01 Хранилище 0.55 270969 Цб 110444 120000270969 2 0.28 Дост: Dp Вид: Д N: стар фонд Дата: 01.01.1978 Книги   Universal Decimal Classification
Изтеглен Не е изгубен Не е повреден без рестрикции заемане за дома 80785 Регионална библиотека "Любен Каравелов" Русе Регионална библиотека "Любен Каравелов" Русе   1978-01-01 Детски отдел 0.55 276191 Д 820/899/Я 67 276191 3 0.28 Дост: Pk Вид: Ф N: стар фонд Дата: 01.01.1978 Дата инв: 07.10.2015 Бележки инв: Д2015 Книги Отч.N: 43/17 , Дата: 08.09.2017  
Изтеглен Не е изгубен Не е повреден без рестрикции заемане за дома 80786 Регионална библиотека "Любен Каравелов" Русе Регионална библиотека "Любен Каравелов" Русе   1978-01-01 Детски отдел 0.55 276192 Д 820/899/Я 67 276192 4 0.28 Дост: Pk Вид: Ф N: стар фонд Дата: 01.01.1978 Дата инв: 07.10.2015 Бележки инв: Д2015 Книги Отч.N: 43/17 , Дата: 08.09.2017  
Изтеглен Не е изгубен Не е повреден без рестрикции заемане за дома 80787 Регионална библиотека "Любен Каравелов" Русе Регионална библиотека "Любен Каравелов" Русе Детски отдел 1978-01-01 Детски отдел 0.55 276193 Д 820/899/Я 67 276193 5 0.28 Дост: Pk Вид: Ф N: стар фонд Дата: 01.01.1978 Дата инв: 07.10.2015 Бележки инв: Д2015 Книги    
Изтеглен Не е изгубен Не е повреден без рестрикции заемане за дома 80788 Регионална библиотека "Любен Каравелов" Русе Регионална библиотека "Любен Каравелов" Русе   1978-01-01 Детски отдел 0.55 276194 Д 820/899/Я 67 276194 6 0.28 Дост: Pk Вид: Ф N: стар фонд Дата: 01.01.1978 Дата инв: 07.10.2015 Бележки инв: Д2015 Книги Отч.N: 43/17 , Дата: 08.09.2017  
Изтеглен Не е изгубен Не е повреден без рестрикции заемане за дома 80789 Регионална библиотека "Любен Каравелов" Русе Регионална библиотека "Любен Каравелов" Русе Детски отдел 1978-01-01 Детски отдел 0.55 629588 Д 820/899/Я 67 629588 7 0.28 Дост: Pk Вид: Ф N: стар фонд Дата: 01.01.1978 Дата инв: 17.09.2015 Бележки инв: Д2015 Книги   Universal Decimal Classification
Изтеглен Не е изгубен Не е повреден без рестрикции заемане за дома 80790 Регионална библиотека "Любен Каравелов" Русе Регионална библиотека "Любен Каравелов" Русе Детски отдел 1978-01-01 Детски отдел 0.55 656575 Д 820/899/Я 67 656575 8 0.28 Дост: Pk Вид: Ф N: стар фонд Дата: 01.01.1978 Дата инв: 17.09.2015 Бележки инв: Д2015 Книги    
Vip Innovations Ltd, Rousse, Bulgaria 2025